000 01813nam0a2200325 4500
001 RU\NLR\BIBL_A\012073703
005 20190822151113.0
010 _a978-5-7267-1025-9
_9500
021 _aRU
_bКН-П-19-051798
_9КН-П-19-3748
035 _a(NLR Aleph) 012073703
035 _a(RuMoRGB)010038446
090 _a11768951
_c11768951
100 _a20190813d2018 k y0rusy50 ca
101 0 _arus
102 _aRU
105 _ay z 000zy
200 1 _aСудебный контроль в досудебном производстве по уголовным делам: проблемы теории и практики
_eмонография
_fП. А. Луценко
_gМинистерство сельского хозяйства Российской Федерации, Федеральное государственное бюджетное образовательное учреждение высшего образования "Воронежский государственный аграрный университет имени императора Петра I"
210 _aВоронеж
_cВоронежский ГАУ
_d2018
215 _a131 с.
_d21
320 _aБиблиогр.: с. 117-131 и в подстроч. примеч.
606 1 _aПодготовительное заседание суда по уголовным делам
_xСудебный контроль
_yРоссийская Федерация
_92393348
_3RU\NLR\AUTH\661427108
610 0 _aсудебный контроль
686 1 _aХ629.374.071
686 1 _aХ629.01
700 1 _aЛуценко
_bП. А.
_gПавел Александрович
942 _cBOOK
980 _aNBR
980 _aNB